000 00985cab a2200277 4500
001 ABS49517
008 090401t1993 xxu||||| |||| 00| 0 eng d
035 _a(Sirsi) u71671
041 _aeng
245 _aBaptist and another v Masters of the Bench and Trustees of the Honourable Society of Gray`s Inn
260 _c1993
350 _a0
490 _aEstates Gazette
_v(1993) 42 EG 287-292(6)
520 _aClerkenwell County Court 9 July 1993. The determination of rent for a new tenancy for a unit within a barristers` Inn considered the definition of an open market under Landlord and Tenant Act 1954 s34.
650 _aBARRISTERS INNS
650 _aINNS OF COURT
650 _aINTERIM RENT
650 _aLANDLORD AND TENANT ACT 1954 S34
650 _aNEW TENANCY
650 _aOPEN MARKET RENT
650 _aRESTRICTED USER CLAUSES
650 _aUSER CLAUSES
690 _aLANDLORD AND TENANT-CASE LAW-BUSINESS TENANCIES
942 _n0
948 _c04/03/1997
999 _c45216
_d45216